| 000 | 00747nam a22002177a 4500 | ||
|---|---|---|---|
| 999 |
_c18402 _d18402 |
||
| 003 | AR-CdUCM | ||
| 008 | 190328b ||||| |||| 00| 0 spa d | ||
| 040 |
_aMUNICIPALIDAD PROVINCIAL DEL CUSCO _cBIBLIOTECA MUNICIPAL DEL CUSCO |
||
| 041 | _hita | ||
| 082 |
_a335.6 / _bG65 |
||
| 100 |
_aGuichonnet, Paul _938970 |
||
| 245 | _aMussolini y el fascismo / | ||
| 260 |
_aBarcelona : _bOikos - tau, _c1968. |
||
| 300 |
_a125 páginas ; _c21 cm. |
||
| 440 |
_aEn lengua castellana _n11 _938971 |
||
| 505 | _aContenido: Orígenes del fascismo -- el advenimiento del fascismo -- estados fascistas y los éxitos del régimen 1925-1936 ... | ||
| 650 |
_aFascismo _93453 |
||
| 650 |
_aHistoria del fascismo _938972 |
||
| 942 |
_2ddc _cLIBROS |
||
| 945 | _arcc | ||